000 00609nam a2200229 a 4500
999 _c7789
_d7789
001 7789
003 BD-JhCC
005 20180214094718.0
008 180214s ben |||| || | 000 0 eng d
035 _a(BD-JhCC)7789
040 _aBD-JhCC
_dBD-JhCC
041 _aeng
082 _a361.37095492
_bRAM
100 _aRahman, A. T. R.
245 _aVolunteerism and nation-Building for Bangladesh /
_cA. T. R. Rahman,
260 _aDhaka :
_bAcademic Publishers,
300 _a106 p. :
_c24 cm.
650 _aNon-Governmental Organization
650 _aVoluntarism
942 _2ddc
_cBK